Curso taller de capacitación de tutores sesión 1, bienvenida al curso / (Record no. 81921)

MARC details
000 -CABECERA
campo de control de longitud fija 01114ngm a2200205 a 4500
005 - FECHA Y HORA DE LA ÚLTIMA TRANSACCIÓN
campo de control 20240912063911.0
008 - ELEMENTOS DE LONGITUD FIJA--INFORMACIÓN GENERAL
campo de control de longitud fija 010611s2002 mx 090 d daspa d
035 ## - NÚMERO DE CONTROL DEL SISTEMA
Número de control de sistema UPN01000108009
049 ## - COLECCIÓN
Colección AV
050 #4 - SIGNATURA TOPOGRÁFICA DE LA BIBLIOTECA DEL CONGRESO
Número de clasificación PVI L 1201
245 00 - MENCIÓN DE TÍTULO
Título Curso taller de capacitación de tutores sesión 1, bienvenida al curso /
Mención de responsabilidad, etc. conductor Gerardo Cortés Plascencia ; invitada Alejandra Romo López.
260 ## - PUBLICACIÓN, DISTRIBUCIÓN, ETC.
Lugar de publicación, distribución, etc. México :
Nombre del editor, distribuidor, etc. ANUIES :
-- SEP, Dirección General de Televisión Educativa,
Fecha de publicación, distribución, etc. 2002.
300 ## - DESCRIPCIÓN FÍSICA
Extensión 1 videocasete (VHS) (90 min.) :
Otras características físicas son., col.
520 ## - NOTA DE RESUMEN, ETC.
Sumario, etc. El Secretario General de la ANUIES da la bienvenida a este curso por televisión. Así mismo se muestra un panorama general del curso, los indicadores a combatir, los objetivos del curso y su alcance. Este curso pretende informar sobre la problemática de los estudiantes de nivel superior y las formas de acercamiento entre maestro y alumno
650 #4 - ASIENTO SECUNDARIO DE MATERIA - TERMINO TEMATICO
Término de materia o nombre geográfico como elemento de entrada Tutores (Educación)
9 (RLIN) 5717
650 #4 - ASIENTO SECUNDARIO DE MATERIA - TERMINO TEMATICO
Término de materia o nombre geográfico como elemento de entrada Relación maestro-estudiante
9 (RLIN) 4168
650 #2 - ASIENTO SECUNDARIO DE MATERIA - TERMINO TEMATICO
Término de materia o nombre geográfico como elemento de entrada Orientación estudiantil
9 (RLIN) 23205
700 1# - ASIENTO SECUNDARIO--NOMBRE DE PERSONAL
Nombre de persona Romo López, Alejandra
Término indicativo de función/relación colab.
9 (RLIN) 33382
905 ## - TIPO DE MATERIAL
Tipo de material Audiovisuales
Holdings
Estado de retiro Estado de pérdida Fuente del sistema de clasificación o colocación Estado dañado No para préstamo Código de colección Localización permanente Ubicación/localización actual Ubicación en estantería Total de préstamos Clasificación Código de barras Fecha visto por última vez Número de copia Tipo de ítem Koha
    Library of Congress Classification     Audiovisuales Bib. Gregorio Torres Quintero Bib. Gregorio Torres Quintero Audiovisual   PVI L 1201 211245 31/12/2020 1 Videocasete